World trade report 2007 : six decades of multilateral trade cooperation: what have we learnt?.
| Corporate Author: | |
|---|---|
| Format: | Book |
| Published: |
Geneva:
World Trade Organization,
2007.
|
| Subjects: |
| LEADER | 00551cam a2200169 7i4500 | ||
|---|---|---|---|
| 001 | 0000022962 | ||
| 005 | 20090618090000.0 | ||
| 020 | 0 | 0 | |a 978-92-870-3401-4 |
| 090 | 0 | 0 | |a I 382.1042 |b WOR |
| 110 | 2 | 0 | |a World Trade Organization |
| 245 | 2 | 0 | |a World trade report 2007 : |b six decades of multilateral trade cooperation: what have we learnt?. |
| 260 | 0 | 0 | |a Geneva: |b World Trade Organization, |c 2007. |
| 300 | # | # | |a 366 p. |
| 650 | 0 | 0 | |a Business |
| 650 | 0 | 0 | |a International trade |
| 650 | 0 | 0 | |a Globalization |
| 999 | |a B000024785 |b Book |c Statistics |e Business Information Centre | ||


